000 00510nam a2200145 a 4500
008 120416s0000 ||||||||||||||||| || u
020 _a040800357X
050 _aNA 6218 Bed
100 _aBeddington, Nadine
245 1 0 _aDesign for shopping centres
260 _aLondon
_bButterworth Scientific
_c1982
300 _axiv, 177p. : ill.
350 _a0.00
995 _D0.00
_FCBU-MAIN LIBRARY (Kitwe)
_H1
_I35.00
_UAVAILABLE
_ZMain Library Open Access Collection
999 _c39688
_d39688